Countries Most Reliant on Renewable Energy Sources - Statistics

General Stats
  • This quiz has been taken 45 times
  • The average score is 8 of 25
Answer Stats
Reliance on Renewable Energy Sources (%) Country % Correct
100% Norway
87%
100% Iceland
76%
89% Denmark
63%
88% Brazil
47%
87% New Zealand
47%
100% Costa Rica
45%
91% Uruguay
45%
100% Democratic Republic of the Congo
42%
100% Ethiopia
39%
100% Paraguay
39%
92% Kenya
37%
100% Bhutan
32%
99% Uganda
32%
99% Central African Republic
26%
96% Namibia
26%
100% Albania
21%
100% Nepal
21%
94% Malawi
16%
93% Eswatini
13%
100% Lesotho
13%
89% Zambia
13%
96% Sierra Leone
11%
89% Tajikistan
11%
91% El Salvador
8%
86% Kyrgyzstan
8%
No matching quizzes found
Score Distribution
Percent of People with Each Score
Percentile by Number Answered
Your Score History
You have not taken this quiz